000 00571nam a2200181Ia 4500
999 _c30048
_d30048
003 OSt
005 20201127153745.0
008 190216s9999||||xx |||||||||||||| ||und||
020 _a9789381788943
040 _coclc
082 _a920
_bVAN/B
100 _aVangogh, Vincent
_96726
245 0 _aVincent Vangogh Jeevitham Kathukal Paintings /
_cVincent Vangog ; V R Santhosh ; Sajan Theruvappuzha
260 _bOlive Publications,
_c2012.
_aKozhikode;
300 _a209p
650 _aJeeva Charithram
942 _cBK
_2ddc
_h920
_iVIN/B
_k920
_mVIN/B